<?xml version="1.0" encoding="UTF-8"?>
<record
    xmlns:xsi="http://www.w3.org/2001/XMLSchema-instance"
    xsi:schemaLocation="http://www.loc.gov/MARC21/slim http://www.loc.gov/standards/marcxml/schema/MARC21slim.xsd"
    xmlns="http://www.loc.gov/MARC21/slim">

  <leader>02579cam a2200277   4500500</leader>
  <controlfield tag="005">20260405003046.0</controlfield>
  <datafield tag="041" ind1=" " ind2=" ">
    <subfield code="a">fre</subfield>
  </datafield>
  <datafield tag="042" ind1=" " ind2=" ">
    <subfield code="a">dc</subfield>
  </datafield>
  <datafield tag="100" ind1="1" ind2="0">
    <subfield code="a">Caron, Patrick</subfield>
    <subfield code="e">author</subfield>
  </datafield>
  <datafield tag="245" ind1="0" ind2="0">
    <subfield code="a">Territory: with government and market, a major institutional component to achieve resilience</subfield>
  </datafield>
  <datafield tag="260" ind1=" " ind2=" ">
    <subfield code="c">2015.
							</subfield>
  </datafield>
  <datafield tag="500" ind1=" " ind2=" ">
    <subfield code="a">55</subfield>
  </datafield>
  <datafield tag="520" ind1=" " ind2=" ">
    <subfield code="a">Dans un premier temps, sont analys&#xE9;es les raisons qui justifient la mobilisation croissante du mot &#xAB;&#xA0;territoire&#xA0;&#xBB; pour r&#xE9;pondre aux d&#xE9;fis du d&#xE9;veloppement durable. Au-del&#xE0; d&#x2019;une polys&#xE9;mie affirm&#xE9;e, ce terme est ici consid&#xE9;r&#xE9; comme ayant une dimension sociale tout autant que spatiale, et faisant ainsi le lien entre les notions de communaut&#xE9; et de paysage. Le territoire contribue &#xE0; la production et &#xE0; la gestion de biens publics, ainsi que sa capacit&#xE9; &#xE0; g&#xE9;n&#xE9;rer le changement. Ce concept offre un cadre analytique et op&#xE9;rationnel pour saisir les besoins de r&#xE9;gulation publique via le renforcement d&#x2019;actions collectives d&#xE9;di&#xE9;es, la r&#xE9;solution partielle des d&#xE9;faillances d&#x2019;&#xC9;tat et de march&#xE9; et les synergies entre actions collectives et publiques. Le texte identifie enfin les similitudes et sp&#xE9;cificit&#xE9;s des concepts de socio&#xE9;cosyst&#xE8;me et de territoire.</subfield>
  </datafield>
  <datafield tag="520" ind1=" " ind2=" ">
    <subfield code="a">Exploring why the long existing word &#x201C;territory&#x201D; is increasingly used to address current sustainability challenges seems a worthwhile effort. Beyond its polysemy, the territory is considered here as having both spatial and social characteristics, liaising for instance at the local level between community and landscape. At the local level, the territory contributes to the provision or management of public goods and has the capacity to generate changes. This concept provides an analytical and operational framework for addressing public regulation needs through the strengthening of targeted collective action, through the partial resolution of market and state failures and through the connection between collective and public action. The text finally looks at commonalties and specificities between the two concepts of socio-ecosystem and territory.</subfield>
  </datafield>
  <datafield tag="690" ind1=" " ind2=" ">
    <subfield code="a">action publique</subfield>
  </datafield>
  <datafield tag="690" ind1=" " ind2=" ">
    <subfield code="a">r&#xE9;gulation</subfield>
  </datafield>
  <datafield tag="690" ind1=" " ind2=" ">
    <subfield code="a">socio&#xE9;cosyst&#xE8;me</subfield>
  </datafield>
  <datafield tag="690" ind1=" " ind2=" ">
    <subfield code="a">territoire</subfield>
  </datafield>
  <datafield tag="690" ind1=" " ind2=" ">
    <subfield code="a">public action</subfield>
  </datafield>
  <datafield tag="690" ind1=" " ind2=" ">
    <subfield code="a">regulation</subfield>
  </datafield>
  <datafield tag="690" ind1=" " ind2=" ">
    <subfield code="a">resilience</subfield>
  </datafield>
  <datafield tag="690" ind1=" " ind2=" ">
    <subfield code="a">socio-ecosystem</subfield>
  </datafield>
  <datafield tag="690" ind1=" " ind2=" ">
    <subfield code="a">territory</subfield>
  </datafield>
  <datafield tag="786" ind1="0" ind2=" ">
    <subfield code="n">Natures Sciences Soci&#xE9;t&#xE9;s | 23 | 2 | 2015-07-09 | p. 175-182 | 1240-1307</subfield>
  </datafield>
  <datafield tag="856" ind1="4" ind2="1">
    <subfield code="u">https://stm.cairn.info/journal-natures-sciences-societes-2015-2-page-175?lang=en&amp;redirect-ssocas=7080</subfield>
  </datafield>
  <datafield tag="999" ind1=" " ind2=" ">
    <subfield code="c">2064014</subfield>
    <subfield code="d">2064014</subfield>
  </datafield>
</record>
